Quick Maths Knowledge - Statistics

General Stats
  • This quiz has been taken 81 times
  • The average score is 9 of 20
Answer Stats
Hint Answer % Correct
Number of faces on five cubes 30
94%
The size of a right angle in degrees divided by the number of sides on an isosceles triangle 30
81%
If I wrote the word 'bookkeeper' 67 times, how many times would I write the letter 'e'? 201
79%
The sum of all the numbers on a pair of regular six-sided dice 42
75%
The first single-digit number in alphabetical order Eight
65%
Total of the interior angles of a hexagon, in degrees 720
54%
Gradient of the line 2y = 4x + 934 2
49%
There are 150 sweets in a jar. 15% are green, 10% are orange and 75% are red. How many are blue? 0
46%
Number of equal angles in a scalene triangle 0
44%
What comes next? 23,29,31,37,... 41
41%
Second smallest prime number 3
40%
79 x 79 6241
38%
How many symbols are used in the hexadecimal system? 16
33%
Number at the top of Pascal's triangle 1
30%
How many seconds are there in 4.5 hours? 16200
27%
Number of days in January, July and October combined 93
25%
The number one million, five hundred and forty thousand, two hundred and ninety eight with its digits written in increasing numerical order 0124589
22%
Probability of getting 'heads' the fifth time you toss a fair coin? 0.5
19%
If I travel at 10km/h for 72 minutes, how far have I traveled in metres? 12000
14%
If I multiply together the answers to all these questions and divide by 15, what is the answer? 0
8%
No matching quizzes found
Score Distribution
Percent of People with Each Score
Percentile by Number Answered
Your Score History
You have not taken this quiz